| 000 | 01133cam a2200349Ia 4500 | ||
|---|---|---|---|
| 001 | 52223612 | ||
| 003 | OCoLC | ||
| 005 | 20220621155749.0 | ||
| 008 | 030512s2000 sp a j 000 1 spa d | ||
| 020 | _a8434822091 | ||
| 020 | _a9788434822092 | ||
| 040 |
_aLPU _beng _cLPU _dOCLCQ _dBAKER _dBTCTA _dYOL |
||
| 041 | _aspa | ||
| 092 | _aSP J BAQUEDANO | ||
| 100 | 1 | _aBaquedano, Lucia. | |
| 245 | 1 | 0 |
_aFantasmas de dia / _cLucia Baquedano ; [ilustraciones, Tino Gatagan]. |
| 250 | _a33. ed. | ||
| 260 |
_aMadrid : _bEdiciones SM, _c2004, c1987. |
||
| 300 |
_a93 pages : _billustrations ; _c20 cm. |
||
| 336 |
_atext _btxt _2rdacontent. |
||
| 337 |
_aunmediated _bn _2rdamedia. |
||
| 338 |
_avolume _bnc _2rdacarrier. |
||
| 490 | 1 |
_aBarco de vapor. Serie naranja ; _v44. |
|
| 521 | 1 | _a"A partir de 9 anos"--P. [4] of cover. | |
| 586 | _a"Premio El Barco de Vapor 1986." | ||
| 650 | 0 |
_aAccidents _vFiction. |
|
| 650 | 0 |
_aPractical jokes _vFiction. |
|
| 650 | 0 |
_aSpanish language materials _vJuvenile fiction. |
|
| 700 | 1 |
_aGatagan, Constantino, _eillustrator. |
|
| 830 | 0 |
_aBarco de vapor. _pSerie naranja ; _v44. |
|
| 942 | _cBK | ||
| 999 |
_c27090 _d27090 |
||